[Event "FICGS class G 000006 email"]
[Site "FICGS email"]
[Date "2006.09.15"]
[Round "1"]
[White "Baudement, Julien"]
[Black "Cook, Phil"]
[Result "0-1"]
[WhiteElo "1148"]
[BlackElo "1092"]
[PlyCount "30"]
[EventDate "2006.??.??"]
[EventType "tourn (corr)"]
[EventRounds "4"]
[SourceTitle "Corr 2022"]
[Source "ChessBase"]
[SourceDate "2021.10.24"]
[SourceVersion "1"]
[SourceVersionDate "2021.10.24"]
[SourceQuality "1"]

1. d4 d5 2. c4 Nf6 3. Nc3 e6 4. e3 Bb4 5. Bd2 Bxc3 6. Bxc3 0-0 7. Bb4 Re8 8. c5 a6 9. Nf3 Nc6 10. g3 Nxb4 11. Qd2 a5 12. Ne5 Bd7 13. Bd3 Nc6 14. 0-0 Nxe5 15. a4 Nf3+ 0-1

[Event "FICGS class G 000002 email"]
[Site "FICGS email"]
[Date "2006.06.07"]
[Round "1"]
[White "Baudement, Julien"]
[Black "Sarkar, Soumojit"]
[Result "0-1"]
[WhiteElo "1000"]
[BlackElo "1200"]
[PlyCount "52"]
[EventDate "2006.??.??"]
[EventType "tourn (corr)"]
[EventRounds "4"]
[SourceTitle "Corr 2022"]
[Source "ChessBase"]
[SourceDate "2021.10.24"]
[SourceVersion "1"]
[SourceVersionDate "2021.10.24"]
[SourceQuality "1"]

1. e4 e5 2. Nf3 Nc6 3. Bb5 a6 4. Bxc6 dxc6 5. 0-0 Bg4 6. d3 Nf6 7. Re1 Bd6 8. h3 Bh5 9. Nbd2 Qd7 10. b3 0-0-0 11. Nc4 Bb4 12. Nb6+ cxb6 13. Bd2 Bxf3 14. Qxf3 Bxd2 15. Red1 Bc3 16. Rab1 Qd6 17. g4 h6 18. h4 Qd7 19. b4 Qxg4+ 20. Qxg4+ Nxg4 21. Rb3 Bd4 22. Rd2 Rd6 23. Kg2 Rf6 24. f3 Ne3+ 25. Kg3 Nf1+ 26. Kg2 Nxd2 0-1

[Event "FICGS class G 000002 email"]
[Site "FICGS email"]
[Date "2006.06.07"]
[Round "1"]
[White "Tamayo, Thomas"]
[Black "Baudement, Julien"]
[Result "0-1"]
[WhiteElo "1200"]
[BlackElo "1000"]
[PlyCount "44"]
[EventDate "2006.??.??"]
[EventType "tourn (corr)"]
[EventRounds "4"]
[SourceTitle "Corr 2022"]
[Source "ChessBase"]
[SourceDate "2021.10.24"]
[SourceVersion "1"]
[SourceVersionDate "2021.10.24"]
[SourceQuality "1"]

1. e4 e5 2. d3 Nc6 3. Nf3 Bc5 4. Be3 d6 5. d4 exd4 6. Ng5 Qe7 7. Bf4 f6 8. c3 fxg5 9. Qh5+ g6 10. Qxg5 Qxg5 11. Bxg5 dxc3 12. Nxc3 Nge7 13. Nd5 Nxd5 14. exd5 Bb4+ 15. Kd1 Nd4 16. Bd3 0-0 17. Be3 Nf5 18. Bg5 Re8 19. Re1 Bd7 20. Re4 Rxe4 21. Bxe4 Re8 22. Bd3 Re1+ 0-1